[Event "Najdorf Mem Open A 2016"]
[Site "Warsaw POL"]
[Date "2016.07.09"]
[Round "2.46"]
[White "Piscopo, Pierluigi"]
[Black "Molenda, Marcin"]
[Result "1/2-1/2"]
[WhiteTitle "IM"]
[WhiteElo "2429"]
[BlackElo "2267"]
[WhiteFideId "809152"]
[BlackFideId "1173065"]
[EventDate "2016.07.08"]

1. e4 c5 2. Nf3 Nc6 3. Bb5 g6 4. c3 Nf6 5. e5 Nd5 6. O-O Bg7 7. d4 cxd4 8. cxd4
O-O 9. Nc3 Nc7 10. Re1 Nxb5 11. Nxb5 a6 12. Nc3 d6 13. exd6 exd6 14. Bg5 Qa5 15.
d5 Ne5 16. Nxe5 dxe5 17. Be7 Re8 18. d6 Bd7 19. a3 Rac8 20. b4 Qb6 21. Nd5 Qc6
22. Qd2 Qc2 23. Qe3 Qf5 24. h3 Rc2 25. Rac1 Bh6 26. Rxc2 Bxe3 27. Nxe3 Qe6 28.
Ng4 Rc8 29. Rxc8+ Bxc8 30. Rxe5 Qb3 31. Nf6+ Kg7 32. Re3 Qd1+ 33. Kh2 Bf5 34.
Ne8+ Kg8 35. g4 Qd2 36. Kg3 Bc8 37. Nf6+ Kg7 38. Ne4 Qd1 39. Bf6+ Kf8 40. Kg2 b6
41. Be7+ Kg7 42. Bf6+ Kf8 43. Be7+ Kg7 44. Bf6+ 1/2-1/2

[Event "Najdorf Mem Open A 2016"]
[Site "Warsaw POL"]
[Date "2016.07.09"]
[Round "2.47"]
[White "Szczepkowska-Horowska, Karina"]
[Black "Reza, Wojciech"]
[Result "1-0"]
[WhiteTitle "WGM"]
[WhiteElo "2411"]
[BlackElo "2266"]
[WhiteFideId "1122681"]
[BlackFideId "1151967"]
[EventDate "2016.07.08"]

1. d4 d5 2. c4 dxc4 3. e3 Nf6 4. Nf3 e6 5. Bxc4 a6 6. O-O c5 7. Bb3 Nc6 8. Nc3
Be7 9. dxc5 Nd7 10. Nd4 Qc7 11. Ba4 Nxc5 12. Nxc6 bxc6 13. Bc2 O-O 14. Ne4 Nxe4
15. Bxe4 f5 16. Bf3 Rb8 17. Qc2 c5 18. Bd2 Rf6 19. Bc3 Rh6 20. g3 e5 21. Rfd1 e4
22. Be2 Qc6 23. Be5 Rb6 24. Qc3 Rg6 25. Rd2 Be6 26. Rad1 h6 27. b3 Kh7 28. Qc2
Rb7 29. Bf1 Bf7 30. Bh3 Qe6 31. Bc3 Rg5 32. Ba5 Bh5 33. Rc1 Bf7 34. Bd8 Rb5 35.
Bf1 Bxd8 36. Rxd8 Qf6 37. Rcd1 Rb6 38. Qxc5 Bh5 39. R1d7 Rc6 40. Qd5 Bf3 41.
Qg8+ Kg6 42. Qe8+ Kh7 43. Qh8+ Kg6 44. Rxg7+ Qxg7 45. Qe8+ Kh7 46. Qxc6 Qa1 47.
Rd7+ Rg7 48. Rd6 Rg5 49. Qxa6 f4 50. exf4 Rg4 51. Rxh6+ Kg7 52. Rd6 Kh7 53. h3
Rg7 54. Rh6+ Kg8 55. Qc8+ 1-0

[Event "Najdorf Mem Open A 2016"]
[Site "Warsaw POL"]
[Date "2016.07.09"]
[Round "2.48"]
[White "Baskin, Robert"]
[Black "Nowak, Lukasz2"]
[Result "1-0"]
[WhiteTitle "FM"]
[WhiteElo "2375"]
[BlackElo "2263"]
[WhiteFideId "24662402"]
[BlackFideId "1166760"]
[EventDate "2016.07.08"]

1. e4 e6 2. d4 d5 3. Nc3 Bb4 4. e5 Ne7 5. a3 Bxc3+ 6. bxc3 c5 7. Qg4 cxd4 8. Bd3
Qa5 9. Ne2 O-O 10. Bg5 Ng6 11. Qg3 Nd7 12. f4 dxc3 13. h4 h5 14. Bxg6 fxg6 15.
Be7 Rf7 16. Bb4 Qb6 17. Bxc3 Nc5 18. Bd4 Ne4 19. Qxg6 Qc6 20. c3 b6 21. Qxh5 Ba6
22. O-O Bxe2 23. Qxe2 Ng3 24. Qe3 Nxf1 25. Rxf1 Raf8 26. g4 g6 27. Kh2 Qb5 28.
Rf2 Qb1 29. Qg3 Rg7 30. Qh3 Qe4 31. Kg3 Rgf7 32. Qf1 Rh7 33. Rf3 Rc7 34. Re3 Qc2
35. Rf3 Rc4 36. Rf2 Qe4 37. Qd1 Rc7 38. Qf1 Rcf7 39. Rf3 Rc8 40. Qd1 Rc4 41. Rf1
Rc8 42. Rf3 Rcf8 43. Qf1 Qc2 44. Rf2 Qa4 45. Qb1 Rg7 46. Ra2 Kf7 47. Rb2 Rc8 48.
Rb3 Ke8 49. Kh3 Qc4 50. Rb2 Kd7 51. Qd1 Rf8 52. Kg3 Rgf7 53. Rf2 Kc7 54. Qb1 Rg7
55. Qd1 Kb7 56. Rb2 Rgf7 57. Rf2 Ka8 58. Qc2 Rg8 59. Qd1 Qa6 60. Qb1 Qa4 61. Rb2
Qc4 62. Qd1 Qa6 63. Qb1 Qc8 64. Rf2 Qf8 65. Qc1 Qe7 66. a4 Rh7 67. Rh2 Rgh8 68.
Qh1 Qa3 69. Qb1 Qe7 70. Qh1 Qd7 71. Qb1 Qd8 72. Qh1 Rc7 73. Qb1 Qe8 74. Ra2 Rc4
75. a5 Qd8 76. g5 bxa5 77. Qxg6 Qd7 78. Rxa5 Rc7 79. h5 Qc6 80. Rc5 Qb7 81. Rxc7
Qxc7 82. Qxe6 Qb7 83. g6 Qb5 84. g7 1-0

[Event "Najdorf Mem Open A 2016"]
[Site "Warsaw POL"]
[Date "2016.07.09"]
[Round "2.49"]
[White "Deszczynski, Adam"]
[Black "Niekras, Dawid"]
[Result "1/2-1/2"]
[WhiteElo "2366"]
[BlackElo "2255"]
[WhiteFideId "1102753"]
[BlackFideId "1160451"]
[EventDate "2016.07.08"]

1. Nf3 Nf6 2. g3 g6 3. Bg2 Bg7 4. d4 d6 5. c4 O-O 6. O-O Nc6 7. Nc3 a6 8. b3 Rb8
9. Bb2 b5 10. cxb5 axb5 11. Rc1 b4 12. Na4 Na5 13. Qc2 c6 14. e4 Nd7 15. Rfe1
Nb6 16. Nxb6 Qxb6 17. h3 Bd7 18. e5 Rbc8 19. Qd2 Ra8 20. Ba1 Be6 21. Qf4 Bd5 22.
Nd2 Bxg2 23. Kxg2 d5 24. Rc2 Nb7 25. Rec1 Rfc8 26. Nf3 Nd8 27. Ne1 Ra5 28. Nd3
Ne6 29. Qd2 Rb5 30. Nc5 Nxc5 31. Rxc5 Rxc5 32. dxc5 Qb7 33. Bd4 Ra8 34. Re1 e6
35. Rc1 Ra3 36. Rc2 Qb8 37. Qe3 Qa8 38. Qd2 Qb8 39. f4 Qb5 40. g4 Qb8 41. Qe3
Qa7 42. Qf2 Qd7 1/2-1/2

[Event "Najdorf Mem Open A 2016"]
[Site "Warsaw POL"]
[Date "2016.07.09"]
[Round "2.50"]
[White "Lokander, Martin"]
[Black "Michalczak, Thomas"]
[Result "1/2-1/2"]
[WhiteTitle "FM"]
[BlackTitle "FM"]
[WhiteElo "2359"]
[BlackElo "2249"]
[WhiteFideId "1709569"]
[BlackFideId "4622634"]
[EventDate "2016.07.08"]

1. d4 Nf6 2. c4 e6 3. Nf3 Bb4+ 4. Nbd2 b6 5. a3 Bxd2+ 6. Qxd2 Bb7 7. e3 d6 8. b4
a5 9. Bb2 Nbd7 10. Be2 Qe7 11. O-O e5 12. d5 b5 13. cxb5 Nxd5 14. bxa5 Rb8 15.
Rfc1 Nc5 16. Rxc5 dxc5 17. Nxe5 O-O 18. e4 Nf6 19. f3 Rfd8 20. Qf4 Nh5 21. Qe3
f6 22. Bc4+ Kf8 23. Nd3 Bd5 24. Bxd5 Rxd5 25. a4 Rbd8 26. Nf2 Rd2 27. Ba3 Rc2
28. Rc1 Rdd2 29. g4 Re2 30. Qxe2 Rxe2 31. Bxc5 Re1+ 32. Rxe1 1/2-1/2

[Event "Najdorf Mem Open A 2016"]
[Site "Warsaw POL"]
[Date "2016.07.09"]
[Round "2.51"]
[White "Strugnell, Carl"]
[Black "Skawinski, Arkadiusz"]
[Result "1-0"]
[WhiteTitle "FM"]
[BlackTitle "FM"]
[WhiteElo "2238"]
[BlackElo "2355"]
[WhiteFideId "616753"]
[BlackFideId "1126415"]
[EventDate "2016.07.08"]

1. e4 e5 2. Nf3 Nc6 3. Bb5 a6 4. Ba4 Nf6 5. O-O Be7 6. Re1 b5 7. Bb3 O-O 8. a4
b4 9. d4 d6 10. dxe5 dxe5 11. Nbd2 Bc5 12. a5 h6 13. h3 Qe7 14. Qe2 Rd8 15. c3
Rb8 16. Bc4 Rd6 17. Nf1 Nh5 18. g4 Rg6 19. Kh1 Nf4 20. Bxf4 exf4 21. Red1 h5 22.
gxh5 Rh6 23. Rd5 Bxh3 24. N1h2 bxc3 25. bxc3 Kh8 26. Bxa6 Ra8 27. Bb7 Rxa5 28.
Rad1 Be6 29. Bxc6 Bxd5 30. Bxd5 Rxh5 31. Qb2 Bb6 32. Qb3 g6 33. Bxf7 Ra3 34. Qc4
Rc5 35. Qd4+ Kh7 36. e5 Rcxc3 37. Qxf4 Kg7 38. e6 Rd3 39. Rg1 1-0

[Event "Najdorf Mem Open A 2016"]
[Site "Warsaw POL"]
[Date "2016.07.09"]
[Round "2.52"]
[White "Raja, Harshit"]
[Black "Szostko, Jakub"]
[Result "1/2-1/2"]
[BlackTitle "FM"]
[WhiteElo "2351"]
[BlackElo "2246"]
[WhiteFideId "5089000"]
[BlackFideId "1174282"]
[EventDate "2016.07.08"]

1. e4 c6 2. Nf3 d5 3. Nc3 Bg4 4. h3 Bxf3 5. Qxf3 Nf6 6. g3 dxe4 7. Nxe4 Nxe4 8.
Qxe4 Qd5 9. Qxd5 cxd5 10. Bg2 e6 11. d4 Nc6 12. c3 Bd6 13. O-O O-O 14. Be3 Rab8
15. Rfc1 Rfc8 16. c4 dxc4 17. Rxc4 Ne7 18. Rxc8+ Rxc8 19. Bxb7 Rb8 20. Bf3 Rxb2
21. d5 exd5 22. Bxa7 Be5 23. Bc5 Rc2 24. Re1 Ng6 25. Bb4 Rxa2 26. Bxd5 Ra1 27.
Rxa1 Bxa1 28. f4 Bf6 29. Kg2 Ne7 30. Be4 h5 1/2-1/2

[Event "Najdorf Mem Open A 2016"]
[Site "Warsaw POL"]
[Date "2016.07.09"]
[Round "2.53"]
[White "Dabrowska, Krystyna"]
[Black "Fakhrutdinov, Timur"]
[Result "1/2-1/2"]
[WhiteTitle "WGM"]
[BlackTitle "FM"]
[WhiteElo "2228"]
[BlackElo "2350"]
[WhiteFideId "1104454"]
[BlackFideId "24176702"]
[EventDate "2016.07.08"]

1. e4 c5 2. Nf3 d6 3. d4 cxd4 4. Nxd4 Nf6 5. Nc3 a6 6. Bc4 e6 7. Bb3 Nbd7 8. f4
Nc5 9. f5 e5 10. Nf3 Nxb3 11. axb3 d5 12. Nxe5 Bd6 13. Bf4 O-O 14. Qd4 Nh5 15.
Nxd5 Nxf4 16. Nxf4 Qf6 17. Nfd3 Re8 18. O-O-O h5 19. Nf3 Qxd4 20. Nxd4 Rxe4 21.
c3 b5 22. Rhe1 Bb7 23. Rxe4 Bxe4 24. g3 Rd8 25. Kd2 Be7 26. Re1 Bg5+ 27. Kc2 Bb7
28. b4 Bf6 29. Nc5 Bc8 30. Ncb3 Kf8 31. Ra1 Rd5 32. Rf1 Ke7 33. Kd3 Kd8 34. Ke4
Bb7 35. Kd3 Kc7 36. Nc5 Bc8 37. Nb3 Kb6 38. Rf2 Rd6 39. Kc2 Rd8 40. Re2 Rd5 41.
Rf2 Re5 42. Kd1 Re8 43. Re2 Rd8 44. Ke1 Bb7 45. Kf2 Bd5 46. Rd2 Bc4 47. h4 Bd5
48. Re2 Bb7 49. Re1 Bc8 50. Kg2 Rd5 51. Re8 Bxf5 52. Nxf5 Rxf5 53. Nc5 Rd5 54.
Rb8+ Kc6 55. Rc8+ Kb6 56. Ra8 Rd2+ 57. Kf3 Rxb2 58. Rxa6+ Kc7 59. Ne4 Bxc3 60.
Nxc3 Rb3 61. Ra7+ Kd6 62. Rxf7 Rxc3+ 63. Kf2 Rc2+ 64. Kf3 Rc3+ 65. Kf2 Rc2+ 66.
Kf3 Rc3+ 1/2-1/2

[Event "Najdorf Mem Open A 2016"]
[Site "Warsaw POL"]
[Date "2016.07.09"]
[Round "2.54"]
[White "Schroeder, Kevin"]
[Black "Wisniewski, Michal"]
[Result "1-0"]
[WhiteTitle "FM"]
[WhiteElo "2350"]
[BlackElo "2235"]
[WhiteFideId "12929840"]
[BlackFideId "1159682"]
[EventDate "2016.07.08"]

1. Nf3 Nf6 2. c4 g6 3. d4 Bg7 4. Nc3 d5 5. Bf4 O-O 6. e3 c5 7. dxc5 Qa5 8. Rc1
dxc4 9. Bxc4 Qxc5 10. Bb3 Nc6 11. O-O Qa5 12. Qe2 Nh5 13. Ng5 Nd4 14. exd4 Nxf4
15. Qxe7 Qf5 16. Nce4 Ne2+ 17. Kh1 Nxc1 18. Rxc1 h6 19. Nxf7 Rxf7 20. Nd6 Qf4
21. Qxf7+ Qxf7 22. Nxf7 Kh7 23. Nd6 Bd7 24. Rc7 Bc6 25. d5 1-0

[Event "Najdorf Mem Open A 2016"]
[Site "Warsaw POL"]
[Date "2016.07.09"]
[Round "2.55"]
[White "Smieszek, Wojciech"]
[Black "Percivaldi, Martin"]
[Result "0-1"]
[BlackTitle "FM"]
[WhiteElo "2217"]
[BlackElo "2347"]
[WhiteFideId "1156047"]
[BlackFideId "1508148"]
[EventDate "2016.07.08"]

1. e4 e5 2. Nf3 Nc6 3. d4 exd4 4. Nxd4 Nf6 5. Nxc6 bxc6 6. e5 Qe7 7. Qe2 Nd5 8.
c4 Nb6 9. Nc3 Qe6 10. Qe4 g6 11. f4 d5 12. Qf3 dxc4 13. Be2 Be7 14. O-O O-O 15.
Ne4 Ba6 16. Qg3 f5 17. exf6 Qxe4 18. fxe7 Qxe7 19. Bg4 Nd5 20. f5 c3 21. Re1 Qg7
22. f6 Qxf6 23. Bg5 Qd4+ 24. Kh1 cxb2 25. Rad1 Qg7 26. Be6+ Kh8 27. Bd2 Rad8 28.
Qa3 Bc8 29. Bxd5 b1=Q 30. Rxb1 cxd5 31. Qxa7 Kg8 32. Rbc1 Rf7 33. Qc5 Bf5 34. a4
Qf8 35. Qd4 Qg7 36. Qh4 Rfd7 37. Rxc7 Be4 38. Rxd7 Qxd7 39. Bc3 Rf8 40. Qg3 Qf7
41. Bd4 Qf4 42. Qc3 Qg4 43. Rg1 Rc8 44. Qb2 Qd7 45. Qb6 Rf8 46. a5 h5 47. Bc5
Rc8 48. Bf2 Qc6 49. Qd4 Rf8 50. Be3 h4 51. Bh6 Rf7 52. h3 Qd7 53. Kh2 Qc7+ 54.
g3 Rf3 55. Rg2 Rxg3 0-1

[Event "Najdorf Mem Open A 2016"]
[Site "Warsaw POL"]
[Date "2016.07.09"]
[Round "2.56"]
[White "Barski, Radoslaw"]
[Black "Heinemann, Josefine"]
[Result "1-0"]
[BlackTitle "WIM"]
[WhiteElo "2346"]
[BlackElo "2216"]
[WhiteFideId "1131710"]
[BlackFideId "12900460"]
[EventDate "2016.07.08"]

1. e4 e5 2. Nf3 Nc6 3. Bb5 a6 4. Ba4 Nf6 5. Bxc6 dxc6 6. d3 Bd6 7. Nbd2 Nd7 8.
Nc4 O-O 9. Qe2 Re8 10. h4 Nf8 11. Bd2 b6 12. O-O-O c5 13. h5 a5 14. Nh4 a4 15.
Nf5 b5 16. Ncxd6 cxd6 17. h6 Bxf5 18. hxg7 Bg6 19. gxf8=N Rxf8 20. Bh6 Re8 21.
Qg4 b4 22. b3 d5 23. Bg5 Qd6 24. Rxh7 Kxh7 25. Qh4+ Bh5 26. Bf6 Qf8 27. g4 Re6
28. Rh1 Rxf6 29. Qxf6 Qh6+ 30. Qxh6+ Kxh6 31. Rxh5+ Kg6 32. Rxe5 dxe4 33. dxe4
axb3 34. axb3 Rc8 35. c4 bxc3 36. Kc2 f6 37. Rf5 c4 38. b4 Re8 39. f3 1-0

[Event "Najdorf Mem Open A 2016"]
[Site "Warsaw POL"]
[Date "2016.07.09"]
[Round "2.57"]
[White "Winiarski, Mikolaj"]
[Black "Eggink, Ryszard"]
[Result "1/2-1/2"]
[WhiteElo "2209"]
[BlackElo "2345"]
[WhiteFideId "1159984"]
[BlackFideId "1125869"]
[EventDate "2016.07.08"]

1. d4 Nf6 2. c4 e6 3. g3 d5 4. Nf3 Bb4+ 5. Bd2 Be7 6. cxd5 exd5 7. Bg2 O-O 8.
O-O Nbd7 9. Nc3 c6 10. Qc2 Re8 11. Rfc1 Bd6 12. a3 a5 13. e3 Nb6 14. b3 g6 15.
Be1 Qe7 16. a4 Ba3 17. Rd1 Bf5 18. Qa2 Bb4 19. Ne2 Ne4 20. Nf4 g5 21. Ne2 f6 22.
Nd2 Bd6 23. Nxe4 Bxe4 24. f3 Bg6 25. Bf2 f5 26. f4 h6 27. Nc1 Bh5 28. Rf1 gxf4
29. gxf4 Nd7 30. Nd3 Nf6 31. Ne5 Ne4 32. Bxe4 dxe4 33. h3 Kh7 34. Kh2 Rg8 35.
Rg1 c5 36. Qd2 Rad8 37. Rxg8 Rxg8 38. Qxa5 cxd4 39. exd4 Bb4 40. Qd5 Bd2 41. Bg3
Rxg3 42. Kxg3 Bxf4+ 43. Kg2 Qg7+ 44. Kf1 Be2+ 45. Kxe2 Qg2+ 46. Ke1 Qg1+ 47. Ke2
Qe3+ 48. Kf1 Qxh3+ 49. Ke2 Qh2+ 50. Ke1 Qh1+ 51. Ke2 1/2-1/2

[Event "Najdorf Mem Open A 2016"]
[Site "Warsaw POL"]
[Date "2016.07.09"]
[Round "2.58"]
[White "Bartel, Michal"]
[Black "Eswaran, Ashritha"]
[Result "1-0"]
[WhiteTitle "FM"]
[BlackTitle "WIM"]
[WhiteElo "2341"]
[BlackElo "2211"]
[WhiteFideId "1119257"]
[BlackFideId "2080788"]
[EventDate "2016.07.08"]

1. e4 c5 2. Nf3 d6 3. Bb5+ Nd7 4. O-O Nf6 5. Re1 a6 6. Bf1 Ne5 7. Nxe5 dxe5 8.
b3 Bg4 9. Be2 Bd7 10. Bb2 Qc7 11. d3 Bc6 12. Nd2 e6 13. Nc4 Nd7 14. a4 Bd6 15.
a5 O-O 16. Rf1 f6 17. Qd2 Rf7 18. f4 exf4 19. Nxd6 Qxd6 20. Qxf4 Qxf4 21. Rxf4
e5 22. Rf2 Bb5 23. Raf1 Re7 24. Ba3 Rc8 25. Bg4 Rc7 26. c4 Bc6 27. b4 Ba4 28.
Ra1 Nf8 29. bxc5 Bc6 30. Kf1 Ne6 31. Bxe6+ Rxe6 32. Ke2 Re8 33. g4 Rf7 34. Raf1
h6 35. h4 Kf8 36. g5 hxg5 37. hxg5 Ke7 38. Bb2 Rff8 39. Rh2 Rh8 40. Rfh1 Rxh2+
41. Rxh2 Kf7 42. Ke3 Re7 43. Bc3 Re8 44. Rh3 Bd7 45. Rg3 Bc6 46. Rf3 Ke6 47.
gxf6 gxf6 48. d4 exd4+ 49. Bxd4 Kd7 50. Rf4 Re6 51. Bc3 Ke7 52. Kd3 Kd7 53. Kd4
Ke7 54. Be1 Kd7 55. Bh4 Kc8 56. Bxf6 Bxe4 57. Rxe4 Rxf6 58. Re7 Rh6 59. Kd5 Rh5+
60. Kd6 Rh6+ 61. Re6 Rxe6+ 62. Kxe6 Kc7 63. Kd5 Kd7 64. c6+ bxc6+ 65. Ke5 c5 66.
Kd5 Kd8 67. Kc6 Kc8 68. Kb6 Kb8 69. Kxa6 1-0

[Event "Najdorf Mem Open A 2016"]
[Site "Warsaw POL"]
[Date "2016.07.09"]
[Round "2.59"]
[White "Kumala, Aleksander"]
[Black "Bednarek, Sylwester"]
[Result "0-1"]
[BlackTitle "FM"]
[WhiteElo "2207"]
[BlackElo "2340"]
[WhiteFideId "1141880"]
[BlackFideId "1101811"]
[EventDate "2016.07.08"]

1. d4 e6 2. e4 d5 3. exd5 exd5 4. Bd3 Nc6 5. c3 Bd6 6. Qf3 Nce7 7. Ne2 Nf6 8. h3
Ng6 9. Bg5 Be7 10. Nf4 c6 11. Nd2 O-O 12. Nf1 Ne4 13. Bxe7 Qxe7 14. Ne3 Re8 15.
Nxg6 hxg6 16. Bxe4 Qxe4 17. Qxe4 Rxe4 18. Kd2 Re7 19. Rhe1 Be6 20. f4 f6 21. g4
Rae8 22. Nf1 Kf7 23. Re3 Rh8 24. Rae1 Ree8 25. R1e2 b6 26. Ke1 Bd7 27. Rxe8 Bxe8
28. Re3 Bd7 29. Kf2 Rc8 30. Nd2 c5 31. Nf3 Ba4 32. b3 Bb5 33. Ke1 a5 34. a4 Bc6
35. f5 gxf5 36. gxf5 Bd7 37. dxc5 bxc5 38. Nh4 c4 39. bxc4 Rxc4 40. Nf3 Bxf5 41.
Nd4 Be4 42. Kd2 Rxa4 43. Re1 Ra2+ 44. Ke3 Rh2 45. Ra1 Rxh3+ 46. Kf4 Rxc3 47.
Rxa5 g5+ 48. Kg4 Kg6 49. Ra6 Bg2 50. Nf3 Bxf3+ 0-1

[Event "Najdorf Mem Open A 2016"]
[Site "Warsaw POL"]
[Date "2016.07.09"]
[Round "2.60"]
[White "Przedmojski, Rafal"]
[Black "Cajbel, Maciej"]
[Result "1-0"]
[WhiteElo "2337"]
[BlackElo "2208"]
[WhiteFideId "1102451"]
[BlackFideId "1123475"]
[EventDate "2016.07.08"]

1. e4 c5 2. Nf3 e6 3. c3 d5 4. e5 Nc6 5. d4 Qb6 6. a3 Bd7 7. b4 cxd4 8. cxd4 Rc8
9. Be3 Nge7 10. Bd3 Nf5 11. Bxf5 exf5 12. O-O Be7 13. Nc3 Be6 14. Qd2 O-O 15.
Rfc1 h6 16. h4 Qd8 17. g3 Qd7 18. Ne2 a5 19. b5 Na7 20. Rcb1 b6 21. a4 Kh7 22.
Qd3 Rc4 23. Nd2 Rc7 24. Rc1 Rfc8 25. Rxc7 Qxc7 26. Rc1 Qd7 27. Nb1 Rxc1+ 28.
Bxc1 Qc7 29. Ba3 Nc8 30. Bxe7 Nxe7 31. Nbc3 Kg8 32. Nf4 Qc8 33. h5 Qc7 34. Kf1
Qc8 35. Ke1 Qc7 36. Kd2 Qc8 37. Nd1 Qc7 38. Ne3 Kf8 39. Qa3 Ke8 40. Qa2 Kd7 41.
Qb1 Qc8 42. Qd3 Qf8 43. Qa3 Qb8 44. Nfg2 Qc7 45. Nf4 Qb8 46. Kd3 Ke8 47. Ke2 Kd7
48. Kf3 Ke8 49. Nfg2 Kd7 50. Nh4 Qc7 51. Ke2 g5 52. hxg6 fxg6 53. Kd2 g5 54.
Nhg2 Qb8 55. Nd1 Ng6 56. f4 Qf8 57. Qc3 Qc8 58. Qb3 Qg8 59. Nde3 Ne7 60. Qa3 Qb8
61. Ke2 Ng6 62. Kf2 Qf8 63. Qb3 Qg8 64. Qd1 Ne7 65. Qh1 Qg7 66. Ne1 gxf4 67.
gxf4 Qg6 68. Nf3 Ng8 69. Qc1 Ne7 70. Qa3 Nc8 71. Qf8 Qh5 72. Qg7+ Ne7 73. Kg2
Qg6+ 74. Qxg6 Nxg6 75. Kg3 Ke8 76. Ne1 Kf7 77. Nd3 Ke7 78. Nc1 Kf7 79. Ne2 Kg7
80. Kf3 Ne7 81. Ng3 Kg6 82. Ng2 Ng8 83. Nh4+ Kf7 84. Nhxf5 1-0

[Event "Najdorf Mem Open A 2016"]
[Site "Warsaw POL"]
[Date "2016.07.09"]
[Round "2.61"]
[White "Buckels, Valentin"]
[Black "Flak, Pawel"]
[Result "1/2-1/2"]
[WhiteElo "2332"]
[BlackElo "2204"]
[WhiteFideId "12942766"]
[BlackFideId "1117548"]
[EventDate "2016.07.08"]

1. d4 Nf6 2. c4 e6 3. Nc3 d5 4. cxd5 exd5 5. Bg5 c6 6. Qc2 Bg4 7. e3 Bh5 8. Bd3
Bg6 9. Nge2 Nbd7 10. O-O Bd6 11. Bf4 Bxd3 12. Qxd3 Bxf4 13. Nxf4 O-O 14. b4 a6
15. a4 b5 16. a5 Qe7 17. Rab1 Ne8 18. Nce2 Nd6 19. Ng3 g6 20. Rfe1 Rfe8 21. Qc3
Rac8 22. Nd3 f5 23. Rbc1 Nc4 24. Ne2 Nf6 25. Qc2 Ne4 26. Nc3 Nf6 27. Nc5 Ra8 28.
Ne2 Ne4 29. Qd3 Qh4 30. g3 Nxc5 31. dxc5 Ne5 32. Qxd5+ cxd5 33. gxh4 Nf3+ 34.
Kf1 Nxe1 35. Kxe1 Re4 36. Nd4 f4 37. Kd2 fxe3+ 38. fxe3 Rxh4 39. c6 Rc8 40. Rc5
Rxh2+ 41. Kd3 Rb2 42. Kc3 Rb1 43. Rxd5 Rc1+ 44. Kd3 Rc4 45. Rd7 h5 46. Ke2 h4
47. Kf3 g5 48. Kg4 R8xc6 49. Kxg5 Rc7 50. Rd8+ Kf7 51. Rh8 Re7 52. Nf5 Re5 53.
Rh7+ Kg8 54. Ra7 h3 55. Rxa6 Rxb4 56. Rg6+ Kf7 57. Rf6+ Ke8 58. Rh6 Kd7 59. Rh5
Ke6 60. Rh6+ Kd5 61. Rh8 Ra4 62. Kf6 Re6+ 63. Kf7 Rxa5 64. Ne7+ Kd6 65. Rd8+ Kc7
66. Kxe6 Ra6+ 67. Nc6 Rxc6+ 68. Ke7 Rc4 69. Rd3 Kc6 70. Ke6 Rc5 71. Kf6 b4 72.
e4 Rc3 73. Rd8 Rf3+ 74. Ke6 b3 75. Rb8 Re3 76. e5 1/2-1/2

[Event "Najdorf Mem Open A 2016"]
[Site "Warsaw POL"]
[Date "2016.07.09"]
[Round "2.62"]
[White "Masse, Hugues"]
[Black "Lewicki, Miroslaw"]
[Result "0-1"]
[BlackTitle "CM"]
[WhiteElo "2204"]
[BlackElo "2329"]
[WhiteFideId "2604264"]
[BlackFideId "1113380"]
[EventDate "2016.07.08"]

1. d4 Nf6 2. c4 e6 3. g3 d5 4. Nf3 c6 5. Qc2 Bd6 6. Bg2 O-O 7. O-O Nbd7 8. Nbd2
Re8 9. b3 e5 10. dxe5 Nxe5 11. Bb2 Bg4 12. Nxe5 Bxe5 13. Bxe5 Rxe5 14. e4 dxe4
15. Nxe4 Nxe4 16. Bxe4 f5 17. Bg2 Qd4 18. Rae1 Rae8 19. Rxe5 Rxe5 20. Qc1 Re2
21. h3 Bh5 22. Qg5 g6 23. a3 Kg7 24. Qc1 h6 25. b4 Rd2 26. Qa1 Rb2 27. b5 cxb5
28. cxb5 Be2 29. Rb1 Rxb1+ 30. Qxb1 b6 31. Qc1 Qd1+ 32. Qxd1 Bxd1 33. f4 Kf6 34.
Kf2 Ke6 35. Ke3 Ba4 36. Bf1 Kd5 37. g4 Bc2 38. Bg2+ Ke6 39. gxf5+ Kxf5 40. Bf3
g5 41. Bg4+ Kf6 42. fxg5+ Kxg5 43. Kd4 h5 44. Bd7 Ba4 45. Kc4 Kh4 46. Kb4 Bd1
47. Kc4 Kg3 48. Kd5 Bf3+ 49. Kd6 h4 50. Kc7 Bg2 51. Kb8 Bxh3 52. Bc6 Bg4 53.
Kxa7 h3 54. a4 Bf3 55. a5 h2 56. Bxf3 Kxf3 57. axb6 h1=Q 58. b7 Qa1+ 59. Kb6 Qe5
60. Ka7 Qc7 61. b6 Qd7 62. Ka8 Qa4+ 63. Kb8 Qa5 0-1

[Event "Najdorf Mem Open A 2016"]
[Site "Warsaw POL"]
[Date "2016.07.09"]
[Round "2.63"]
[White "Piotrowski, Przemyslaw"]
[Black "Warakomska, Anna"]
[Result "1/2-1/2"]
[BlackTitle "WIM"]
[WhiteElo "2201"]
[BlackElo "2321"]
[WhiteFideId "1127063"]
[BlackFideId "1130790"]
[EventDate "2016.07.08"]

1. d4 d5 2. Nf3 Nf6 3. g3 c6 4. Bg2 Bf5 5. O-O e6 6. c4 Nbd7 7. Nbd2 h6 8. b3
Be7 9. Bb2 O-O 10. Ne5 a5 11. a3 Nxe5 12. dxe5 Nd7 13. e4 dxe4 14. Nxe4 Nc5 15.
Qe2 Bxe4 16. Bxe4 Nxb3 17. Rad1 Qb6 18. Rd7 Rfe8 19. Bc2 Nc5 20. Bd4 Rad8 21.
Bxc5 Bxc5 22. Rfd1 Rxd7 23. Rxd7 Rd8 24. Rxd8+ Qxd8 25. a4 Qd4 26. Kg2 g6 27. f4
h5 28. Kh3 Kg7 29. Be4 Kh6 30. Qd3 Qxd3 31. Bxd3 Kg7 32. Kg2 Kf8 33. h3 Ke7 34.
g4 hxg4 35. hxg4 Kd7 36. Kf3 Kc7 37. f5 exf5 38. gxf5 gxf5 39. Bxf5 Kb6 40. Bc8
Kc7 41. Bg4 Be7 42. Ke4 f6 43. exf6 Bxf6 44. Kd3 Kd6 45. Kc2 Kc5 46. Kb3 b5 1/2-1/2

[Event "Najdorf Mem Open A 2016"]
[Site "Warsaw POL"]
[Date "2016.07.09"]
[Round "2.64"]
[White "Osmanodja, Filiz"]
[Black "Dzierzak, Radoslaw"]
[Result "1-0"]
[WhiteTitle "WIM"]
[WhiteElo "2318"]
[BlackElo "2204"]
[WhiteFideId "24633569"]
[BlackFideId "1161407"]
[EventDate "2016.07.08"]

1. e4 c5 2. Nf3 Nc6 3. Nc3 e6 4. d4 cxd4 5. Nxd4 Qc7 6. Be3 a6 7. Qd2 Nf6 8.
O-O-O Bb4 9. f3 Ne5 10. Nb3 b5 11. Qe1 Be7 12. f4 Nc4 13. e5 Ng4 14. Bd4 O-O 15.
Ne4 f6 16. Qg3 f5 17. h3 Nge3 18. Bxe3 Nxe3 19. Qxe3 fxe4 20. g3 Bb7 21. Bg2 a5
22. Nd4 b4 23. Bxe4 Bxe4 24. Qxe4 a4 25. Nb5 Qc5 26. Rxd7 b3 27. a3 bxc2 28. Nd4
Rfe8 29. Nxe6 Qa5 30. Nc7 Bxa3 31. Qc4+ Kh8 32. bxa3 Qb6 33. Kxc2 Rec8 34. Rhd1
Rab8 35. Qc3 Qf2+ 36. R7d2 Qb6 37. Rd7 Qf2+ 38. R7d2 Qb6 39. e6 h5 40. Rd7 Rg8
41. R7d5 1-0

[Event "Najdorf Mem Open A 2016"]
[Site "Warsaw POL"]
[Date "2016.07.09"]
[Round "2.65"]
[White "Jakubiec, Edyta"]
[Black "Polok, Kacper"]
[Result "0-1"]
[WhiteTitle "WIM"]
[BlackTitle "FM"]
[WhiteElo "2176"]
[BlackElo "2292"]
[WhiteFideId "1114158"]
[BlackFideId "1137158"]
[EventDate "2016.07.08"]

1. e4 c5 2. Nf3 Nc6 3. Bb5 g6 4. O-O Bg7 5. Re1 e5 6. Nc3 Nge7 7. a3 O-O 8. Bc4
d6 9. d3 h6 10. Nd5 Kh7 11. Nxe7 Qxe7 12. c3 a5 13. b3 f5 14. Bb2 f4 15. h3 h5
16. Nh2 Bd7 17. a4 Rf6 18. Ra2 Raf8 19. Nf3 Bh6 20. d4 g5 21. dxe5 dxe5 22. Bc1
g4 23. Nh2 gxh3 24. Qxh5 Qg7 25. Qf3 Rg6 26. Rd2 Rff6 27. Red1 Rxg2+ 28. Kh1
Rfg6 0-1